000 00376nam a2200145Ia 4500
008 230411s9999 xx 000 0 und d
020 _a978-93-5152-427-4
041 _aeng
082 _aAD/361.6/MOG/B08211
100 _aMogli GD
245 _aHealth Records Paper to Paperless
260 _bJaypee Brothers
_aNew Delhi
_c2015
300 _a491p
999 _c158041
_d158041